[Event "Beijing Sportaccord blitz"]
[Site "Beijing"]
[Date "2014.12.13"]
[Round "5"]
[White "Radjabov, Teimour"]
[Black "Wang, Yue"]
[Result "1/2-1/2"]
[WhiteElo "2734"]
[BlackElo "2720"]
[PlyCount "166"]
[EventDate "2014.12.13"]
[EventType "tourn (blitz)"]
[EventRounds "30"]
[EventCountry "CHN"]
[EventCategory "20"]
[SourceTitle "CBM 163 Extra"]
[Source "ChessBase"]
[SourceDate "2014.12.23"]
[SourceVersion "1"]
[SourceVersionDate "2014.12.23"]
[SourceQuality "1"]

1. e4 c5 2. Nf3 e6 3. d4 cxd4 4. Nxd4 Nc6 5. Nc3 Qc7 6. Be2 a6 7. O-O Nf6 8.
Be3 Be7 9. f4 d6 10. Kh1 O-O 11. Qe1 Nxd4 12. Bxd4 b5 13. Qg3 Bb7 14. a3 Rad8
15. Rae1 Rd7 16. Bd3 Re8 17. Re2 Qd8 18. Ref2 Bf8 19. Qh3 e5 20. fxe5 dxe5 21.
Be3 Bc8 22. Bg5 Be7 23. Qh4 Rd6 24. Rf3 h6 25. Bxf6 Rxf6 26. Qf2 Be6 27. Rxf6
Bxf6 28. a4 b4 29. Nd1 a5 30. Ne3 Qd4 31. b3 Rd8 32. Nc4 Bxc4 33. Bxc4 Qxf2 34.
Rxf2 Rd1+ 35. Rf1 Rd2 36. Bd3 Kf8 37. g3 Ke7 38. Rg1 Bg5 39. Rg2 Kd6 40. Rxd2
Bxd2 41. Kg2 Kc5 42. Kf3 Kd4 43. g4 Bg5 44. Bc4 f6 45. h3 Kc3 46. Bd3 Kd2 47.
Kf2 g6 48. Kf3 Bh4 49. Bc4 Kxc2 50. Bf7 Kc3 51. Bd5 Kd3 52. Bc6 Kc2 53. Bd5 Kc3
54. Bc4 Bg5 55. Bf7 Bc1 56. Bc4 Kd4 57. Be6 Kd3 58. Bc4+ Kc3 59. Be6 Bf4 60.
Bf7 h5 61. gxh5 gxh5 62. Be6 h4 63. Bc4 Kd4 64. Be6 Kd3 65. Bc4+ Kd2 66. Be6
Kc3 67. Bd5 Kd3 68. Bc4+ Kd4 69. Be6 Bg5 70. Bf5 Kc3 71. Be6 f5 72. exf5 Kd4
73. Bc4 e4+ 74. Ke2 Bf6 75. Bb5 Ke5 76. Bd7 Kf4 77. Bc6 e3 78. Bf3 Bd4 79. Bg4
Ke4 80. f6 Bxf6 81. Bd7 Kd4 82. Be6 Bg5 83. Bd7 Kc3 1/2-1/2

[Event "Beijing Sportaccord blitz"]
[Site "Beijing"]
[Date "2014.12.13"]
[Round "6"]
[White "Vachier Lagrave, Maxime"]
[Black "Radjabov, Teimour"]
[Result "1-0"]
[WhiteElo "2758"]
[BlackElo "2734"]
[PlyCount "173"]
[EventDate "2014.12.13"]
[EventType "tourn (blitz)"]
[EventRounds "30"]
[EventCountry "CHN"]
[EventCategory "20"]
[SourceTitle "CBM 163 Extra"]
[Source "ChessBase"]
[SourceDate "2014.12.23"]
[SourceVersion "1"]
[SourceVersionDate "2014.12.23"]
[SourceQuality "1"]

1. Nf3 Nf6 2. g3 d5 3. Bg2 e6 4. O-O Be7 5. c4 O-O 6. d4 dxc4 7. Qc2 a6 8. Qxc4
b5 9. Qc2 Bb7 10. Bf4 Bd6 11. Bg5 Nbd7 12. Nbd2 c5 13. Bxf6 gxf6 14. dxc5 Nxc5
15. Rac1 Rc8 16. Qb1 Qe7 17. Rfd1 f5 18. Ne1 Bxg2 19. Nxg2 Be5 20. Nf3 Bg7 21.
Nf4 Ne4 22. Kg2 Qb4 23. Rxc8 Rxc8 24. Rc1 Rc5 25. Nd3 Rxc1 26. Qxc1 Qc4 27. Qf4
Qc8 28. Qe3 Qb7 29. Qc1 h6 30. Kg1 a5 31. Qc2 a4 32. h3 Bf6 33. g4 fxg4 34.
hxg4 Ng5 35. Nxg5 hxg5 36. f3 Kg7 37. Kg2 Qd5 38. b3 axb3 39. axb3 Bd4 40. Qd2
Bf6 41. b4 Qd4 42. Qc1 Be7 43. Kf1 Qc4 44. Qe3 Bf6 45. Qc5 Qb3 46. Kf2 Qd1 47.
Qb6 Bc3 48. Qe3 Bf6 49. Qc5 Qd2 50. Qxb5 Bd4+ 51. Kf1 Qd1+ 52. Ne1 Bc3 53.
Qxg5+ Kh8 54. Qh4+ Kg7 55. b5 Ba5 56. Qf2 Qb1 57. Qg3 Qxb5 58. Nd3 Bc3 59. Qf4
Qd5 60. Kg2 Bf6 61. Qb4 Bg5 62. Qc3+ Bf6 63. Qc2 Bg5 64. Nf2 f5 65. Qc7+ Kg6
66. e4 fxe4 67. Nxe4 Qa2+ 68. Kh3 Qd5 69. Qb8 Kg7 70. Qb2+ Kh7 71. Qf6 Bh6 72.
Qf7+ Kh8 73. g5 Bg7 74. Kg4 Qa2 75. Qe8+ Kh7 76. Kh3 Qe2 77. Qh5+ Kg8 78. Ng3
Qd3 79. Qg4 Qd5 80. Ne4 Qb3 81. Nf6+ Kf7 82. Qh5+ Ke7 83. Qe8+ Kd6 84. Qd7+ Ke5
85. Ng4+ Kf4 86. Qf7+ Kxg5 87. Qxg7+ 1-0

[Event "Beijing Sportaccord blitz"]
[Site "Beijing"]
[Date "2014.12.13"]
[Round "7"]
[White "Radjabov, Teimour"]
[Black "Wojtaszek, Radoslaw"]
[Result "0-1"]
[WhiteElo "2734"]
[BlackElo "2744"]
[PlyCount "114"]
[EventDate "2014.12.13"]
[EventType "tourn (blitz)"]
[EventRounds "30"]
[EventCountry "CHN"]
[EventCategory "20"]
[SourceTitle "CBM 163 Extra"]
[Source "ChessBase"]
[SourceDate "2014.12.23"]
[SourceVersion "1"]
[SourceVersionDate "2014.12.23"]
[SourceQuality "1"]

1. b3 d5 2. Bb2 Bg4 3. Nf3 Bxf3 4. gxf3 Nd7 5. c4 c6 6. e3 Ngf6 7. Nc3 e6 8. d4
g6 9. Be2 Bg7 10. Qc2 a6 11. h4 b5 12. a4 bxc4 13. bxc4 O-O 14. cxd5 cxd5 15.
a5 Qb8 16. Na4 Rc8 17. Bc3 Qc7 18. Kf1 Qxa5 19. Qd2 Qd8 20. Ba5 Qe8 21. Kg2 e5
22. dxe5 Qxe5 23. Bc3 Qe6 24. Bd4 Rc6 25. Rhc1 Rac8 26. Rxc6 Rxc6 27. Nb2 Nh5
28. Bxg7 Nxg7 29. Bd3 Ne5 30. Ra4 Nxd3 31. Nxd3 Nf5 32. Nf4 Nxh4+ 33. Kg3 Nf5+
34. Kg2 Qe5 35. Nxd5 Rd6 36. e4 Nh4+ 37. Kf1 Nxf3 38. Qe3 Nh2+ 39. Kg2 Ng4 40.
Qg3 Qxg3+ 41. Kxg3 Nf6 42. Ne3 Re6 43. f3 Kg7 44. Nc2 Nd7 45. Rb4 h5 46. Rb7
Ne5 47. f4 Ng4 48. e5 g5 49. Nd4 gxf4+ 50. Kxf4 Rxe5 51. Nf5+ Kf6 52. Ng3 Re6
53. Nxh5+ Kg6 54. Kxg4 f5+ 55. Kh4 Re4+ 56. Kg3 Kxh5 57. Rg7 Rg4+ 0-1

[Event "Beijing Sportaccord blitz"]
[Site "Beijing"]
[Date "2014.12.13"]
[Round "8"]
[White "Leko, Peter"]
[Black "Radjabov, Teimour"]
[Result "1/2-1/2"]
[WhiteElo "2723"]
[BlackElo "2734"]
[PlyCount "79"]
[EventDate "2014.12.13"]
[EventType "tourn (blitz)"]
[EventRounds "30"]
[EventCountry "CHN"]
[EventCategory "20"]
[SourceTitle "CBM 163 Extra"]
[Source "ChessBase"]
[SourceDate "2014.12.23"]
[SourceVersion "1"]
[SourceVersionDate "2014.12.23"]
[SourceQuality "1"]

1. e4 e5 2. Nf3 Nc6 3. Bb5 Nf6 4. O-O Nxe4 5. Re1 Nd6 6. Nxe5 Be7 7. Bf1 Nxe5
8. Rxe5 O-O 9. d4 Bf6 10. Re1 Nf5 11. c3 d6 12. Nd2 Bg5 13. Nf3 Bxc1 14. Qxc1
Nh4 15. Qf4 Nxf3+ 16. Qxf3 c6 17. Bc4 Bd7 18. Re3 Qg5 19. Rae1 d5 20. Bd3 Rae8
21. g3 Rxe3 22. Qxe3 Qxe3 23. Rxe3 Re8 24. Rxe8+ Bxe8 25. Bf5 Kf8 26. Kg2 Ke7
27. Kf3 h6 28. Kf4 f6 29. h4 b6 30. b4 Kd6 31. a3 Bf7 32. Bd3 Be6 33. Ke3 g5
34. f4 b5 35. Bg6 gxh4 36. gxh4 f5 37. Bh5 Ke7 38. Kd3 a6 39. Ke3 Bd7 40. Kd3
1/2-1/2

[Event "Beijing Sportaccord blitz"]
[Site "Beijing"]
[Date "2014.12.13"]
[Round "9"]
[White "Radjabov, Teimour"]
[Black "Aronian, Levon"]
[Result "0-1"]
[WhiteElo "2734"]
[BlackElo "2797"]
[PlyCount "112"]
[EventDate "2014.12.13"]
[EventType "tourn (blitz)"]
[EventRounds "30"]
[EventCountry "CHN"]
[EventCategory "20"]
[SourceTitle "CBM 163 Extra"]
[Source "ChessBase"]
[SourceDate "2014.12.23"]
[SourceVersion "1"]
[SourceVersionDate "2014.12.23"]
[SourceQuality "1"]

1. e4 e5 2. Nc3 Nc6 3. g3 Bc5 4. Bg2 d6 5. d3 Nge7 6. Nge2 O-O 7. Be3 Nd4 8. h3
Nxe2 9. Qxe2 Bxe3 10. Qxe3 f5 11. O-O-O fxe4 12. dxe4 Qe8 13. f4 exf4 14. gxf4
Bd7 15. Rhg1 Kh8 16. Rdf1 Bc6 17. Kb1 a6 18. a3 Rd8 19. Qd4 Qf7 20. Bf3 Qf6 21.
Qxf6 Rxf6 22. f5 Rdf8 23. Be2 g6 24. fxg6 Rxf1+ 25. Bxf1 Nxg6 26. Be2 Kg7 27.
Kc1 Rf4 28. Kd2 Rh4 29. Bg4 Kf6 30. Rf1+ Ke7 31. b3 Ne5 32. Bf5 Bb5 33. Nd5+
Kd8 34. c4 Bc6 35. Nc3 b5 36. cxb5 Bxb5 37. Rf2 Bd7 38. Rg2 Bxf5 39. exf5 Rxh3
40. Rg7 Nf3+ 41. Ke3 Nh4+ 42. Kd2 Nxf5 43. Rf7 Nd4 44. Nd5 Nxb3+ 45. Kc2 Nd4+
46. Kd2 c6 47. Nf4 Rxa3 48. Rxh7 d5 49. Nd3 Kc8 50. Nc5 Nb3+ 51. Kc3 Nxc5+ 52.
Kb4 Ra4+ 53. Kxc5 Rc4+ 54. Kd6 a5 55. Ra7 a4 56. Rh7 d4 0-1

[Event "Beijing Sportaccord blitz"]
[Site "Beijing"]
[Date "2014.12.13"]
[Round "10"]
[White "Gelfand, Boris"]
[Black "Radjabov, Teimour"]
[Result "0-1"]
[WhiteElo "2743"]
[BlackElo "2734"]
[PlyCount "132"]
[EventDate "2014.12.13"]
[EventType "tourn (blitz)"]
[EventRounds "30"]
[EventCountry "CHN"]
[EventCategory "20"]
[SourceTitle "CBM 163 Extra"]
[Source "ChessBase"]
[SourceDate "2014.12.23"]
[SourceVersion "1"]
[SourceVersionDate "2014.12.23"]
[SourceQuality "1"]

1. d4 e6 2. c4 f5 3. g3 Nf6 4. Bg2 d5 5. Qc2 c6 6. Nh3 Bd6 7. O-O O-O 8. Bf4
Be7 9. Rd1 Ne4 10. Nd2 Nd7 11. f3 Nxd2 12. Bxd2 Bf6 13. Bb4 Be7 14. Bxe7 Qxe7
15. Nf4 Nf6 16. Nd3 Bd7 17. e3 Be8 18. Re1 Rd8 19. b4 Kh8 20. a4 a6 21. Qc3 Kg8
22. Rab1 Kh8 23. Nc5 Bg6 24. Rb2 Rfe8 25. Nd3 Nd7 26. f4 Nb6 27. Rbb1 Nxc4 28.
Ne5 Nd6 29. Qc5 Rc8 30. Rbc1 Red8 31. Bf1 Be8 32. Bd3 Qf6 33. Qb6 Qe7 34. Qc5
Kg8 35. Rc2 Rb8 36. Rec1 h6 37. Qb6 g5 38. b5 axb5 39. axb5 Rdc8 40. bxc6 bxc6
41. Qa6 Ra8 42. Qb6 Rab8 43. Qa6 Rc7 44. Nxc6 Bxc6 45. Rxc6 Rxc6 46. Rxc6 Rd8
47. Qb6 g4 48. Rc7 Rd7 49. Rc6 Kg7 50. Kg2 Rb7 51. Qa6 Ra7 52. Qb6 Rb7 53. Qa6
Rd7 54. Qb6 h5 55. Bf1 Qd8 56. Qc5 Ne4 57. Qc2 Kf6 58. Bd3 Nd6 59. Qc5 Qb8 60.
Rb6 Qd8 61. Bb5 Ne4 62. Rxe6+ Kxe6 63. Bxd7+ Qxd7 64. Qb6+ Nd6 65. Qa6 Qb5 66.
Qa2 Qd3 0-1

[Event "Beijing Sportaccord blitz"]
[Site "Beijing"]
[Date "2014.12.14"]
[Round "11"]
[White "Radjabov, Teimour"]
[Black "Grischuk, Alexander"]
[Result "1-0"]
[WhiteElo "2734"]
[BlackElo "2810"]
[PlyCount "131"]
[EventDate "2014.12.13"]
[EventType "tourn (blitz)"]
[EventRounds "30"]
[EventCountry "CHN"]
[EventCategory "20"]
[SourceTitle "CBM 163 Extra"]
[Source "ChessBase"]
[SourceDate "2014.12.23"]
[SourceVersion "1"]
[SourceVersionDate "2014.12.23"]
[SourceQuality "1"]

1. Nf3 c5 2. c4 Nc6 3. Nc3 e5 4. g3 g6 5. Bg2 Bg7 6. a3 Nge7 7. O-O O-O 8. Rb1
d5 9. cxd5 Nxd5 10. Nxd5 Qxd5 11. d3 e4 12. dxe4 Qxe4 13. Be3 Qe7 14. Qa4 Bd7
15. Qh4 Qxh4 16. Nxh4 Nd4 17. Bxd4 cxd4 18. Bxb7 Rab8 19. Be4 d3 20. Bxd3 Bxb2
21. Nf3 Rfd8 22. h4 Be8 23. Kh2 Bxa3 24. Ra1 Bc5 25. Rac1 Bb6 26. Ne5 Rbc8 27.
Kg2 Kg7 28. Nf3 Bc6 29. Ba6 Rc7 30. Rb1 Be4 31. Rbc1 Rd6 32. Rxc7 Bxc7 33. Bc4
a5 34. Ra1 Rc6 35. Bd3 Bd5 36. Kf1 Rd6 37. Nd2 Rd8 38. Rc1 Bd6 39. Nc4 Bb4 40.
Ra1 Bc3 41. Ra3 Bb4 42. Ra1 h6 43. f4 Be6 44. Ra4 Bd7 45. Ra1 a4 46. Rb1 Bf8
47. Rb7 Bc6 48. Ra7 Ra8 49. Rc7 Be8 50. Nb6 Rb8 51. Nd7 Bxd7 52. Rxd7 a3 53.
Bc4 Rc8 54. Rxf7+ Kh8 55. Bd5 Bg7 56. Ra7 Rd8 57. e4 Bb2 58. Ke2 Rc8 59. e5 g5
60. hxg5 hxg5 61. e6 gxf4 62. gxf4 Bf6 63. Kd3 Kg8 64. Ke4 Kf8 65. Rf7+ Ke8 66.
Rxf6 1-0

[Event "Beijing Sportaccord blitz"]
[Site "Beijing"]
[Date "2014.12.14"]
[Round "12"]
[White "Dominguez Perez, Leinier"]
[Black "Radjabov, Teimour"]
[Result "0-1"]
[WhiteElo "2726"]
[BlackElo "2734"]
[PlyCount "91"]
[EventDate "2014.12.13"]
[EventType "tourn (blitz)"]
[EventRounds "30"]
[EventCountry "CHN"]
[EventCategory "20"]
[SourceTitle "CBM 163 Extra"]
[Source "ChessBase"]
[SourceDate "2014.12.23"]
[SourceVersion "1"]
[SourceVersionDate "2014.12.23"]
[SourceQuality "1"]

1. e4 e5 2. Nf3 Nc6 3. Bb5 Nf6 4. O-O Nxe4 5. d4 Nd6 6. Bxc6 dxc6 7. dxe5 Nf5
8. Qxd8+ Kxd8 9. Rd1+ Ke8 10. Nc3 h6 11. h3 Be6 12. g4 Ne7 13. Nd4 Rd8 14. Bf4
Nd5 15. Nxe6 fxe6 16. Ne2 Bc5 17. Kg2 Kf7 18. Bd2 b5 19. c3 a6 20. Ng3 Rd7 21.
Ne4 Be7 22. Kf3 Rhd8 23. Be3 g5 24. Bd2 c5 25. Ke2 c4 26. Rf1 Kg6 27. Rad1 b4
28. Rc1 a5 29. cxb4 Bxb4 30. Be3 c3 31. bxc3 Be7 32. Rc2 a4 33. Rfc1 Rb8 34.
Rd2 Rdd8 35. c4 Nb4 36. Rcd1 Rxd2+ 37. Rxd2 a3 38. Nc3 Nc6 39. Nb5 Nxe5 40.
Nxc7 Nxc4 41. Rc2 Rb2 42. Kd3 Ne5+ 43. Kd2 Bb4+ 44. Kd1 Kf7 45. Bd4 Nd3 46. Na6
0-1

[Event "Beijing Sportaccord blitz"]
[Site "Beijing"]
[Date "2014.12.13"]
[Round "14"]
[White "Bacrot, Etienne"]
[Black "Radjabov, Teimour"]
[Result "1-0"]
[WhiteElo "2718"]
[BlackElo "2734"]
[PlyCount "113"]
[EventDate "2014.12.13"]
[EventType "tourn (blitz)"]
[EventRounds "30"]
[EventCountry "CHN"]
[EventCategory "20"]
[SourceTitle "CBM 163 Extra"]
[Source "ChessBase"]
[SourceDate "2014.12.23"]
[SourceVersion "1"]
[SourceVersionDate "2014.12.23"]
[SourceQuality "1"]

1. e4 e6 2. d4 d5 3. Nc3 Nf6 4. e5 Nfd7 5. f4 c5 6. Nf3 Nc6 7. Be3 Be7 8. Qd2
a6 9. Be2 O-O 10. O-O b6 11. Nd1 Bb7 12. c3 f5 13. a3 Na5 14. Qe1 Rc8 15. Kh1
Nc4 16. Bc1 Na5 17. Be3 Qe8 18. Rg1 Rf7 19. g4 fxg4 20. Rxg4 Nf8 21. Bd3 Qa4
22. Qg1 Nc4 23. Bc1 cxd4 24. cxd4 Qb3 25. Qf1 Bc6 26. Rg3 Bb5 27. Ng5 Bxg5 28.
Bxh7+ Nxh7 29. Rxb3 Nd2 30. Qh3 Nxb3 31. Qxb3 Bxf4 32. Nc3 Bd3 33. Qxb6 Ng5 34.
h4 Ne4 35. Bxf4 Nxc3 36. bxc3 Bf5 37. Bd2 Kh7 38. Kg1 Rcc7 39. Rf1 Rb7 40. Qxa6
Rb2 41. Qe2 Ra7 42. Qh5+ Kg8 43. Qe8+ Kh7 44. Qh5+ Kg8 45. Bc1 Rc2 46. Qe8+ Kh7
47. h5 Be4 48. Rf8 Rxc1+ 49. Kf2 Kh6 50. Qd8 Kxh5 51. Rh8+ Kg6 52. Qe8+ Rf7+
53. Ke2 Rc2+ 54. Kd1 Rcf2 55. Rf8 Bc2+ 56. Kc1 Ba4 57. Qxe6+ 1-0

[Event "Beijing Sportaccord blitz"]
[Site "Beijing"]
[Date "2014.12.14"]
[Round "15"]
[White "Radjabov, Teimour"]
[Black "Wang, Hao"]
[Result "1/2-1/2"]
[WhiteElo "2734"]
[BlackElo "2710"]
[PlyCount "89"]
[EventDate "2014.12.13"]
[EventType "tourn (blitz)"]
[EventRounds "30"]
[EventCountry "CHN"]
[EventCategory "20"]
[SourceTitle "CBM 163 Extra"]
[Source "ChessBase"]
[SourceDate "2014.12.23"]
[SourceVersion "1"]
[SourceVersionDate "2014.12.23"]
[SourceQuality "1"]

1. Nf3 d5 2. g3 c6 3. Bg2 Bg4 4. O-O Nf6 5. d4 Nbd7 6. Nbd2 e6 7. Re1 Be7 8. e4
dxe4 9. Nxe4 O-O 10. Nxf6+ Bxf6 11. h3 Bxf3 12. Bxf3 Bg5 13. Bxg5 Qxg5 14. c3
g6 15. h4 Qf6 16. Kg2 h5 17. Qd2 Kg7 18. a4 Rfd8 19. Qe3 Nb6 20. a5 Nd5 21. Qe2
a6 22. Qc2 Rd7 23. b4 Ne7 24. Re5 Nf5 25. Qc1 Rad8 26. Re4 Re8 27. Qf4 Nd6 28.
Qxf6+ Kxf6 29. Re5 Nf5 30. Rae1 Red8 31. R1e2 Ne7 32. Re1 Nd5 33. Rc1 Rd6 34.
Re2 Ke7 35. Be4 Nf6 36. Bf3 Rg8 37. Re5 Nd7 38. Re3 Kf6 39. Be4 Rd8 40. f4 Kg7
41. Bf3 Nf6 42. Re5 Nd7 43. Re3 Nf6 44. Re5 Nd7 45. Re3 1/2-1/2

[Event "Beijing Sportaccord blitz"]
[Site "Beijing"]
[Date "2014.12.13"]
[Round "16"]
[White "Radjabov, Teimour"]
[Black "Ponomariov, Ruslan"]
[Result "1-0"]
[WhiteElo "2734"]
[BlackElo "2714"]
[PlyCount "55"]
[EventDate "2014.12.13"]
[EventType "tourn (blitz)"]
[EventRounds "30"]
[EventCountry "CHN"]
[EventCategory "20"]
[SourceTitle "CBM 163 Extra"]
[Source "ChessBase"]
[SourceDate "2014.12.23"]
[SourceVersion "1"]
[SourceVersionDate "2014.12.23"]
[SourceQuality "1"]

1. Nf3 d6 2. e4 g6 3. g3 Nf6 4. d3 Bg7 5. Bg2 O-O 6. O-O c5 7. Re1 Nc6 8. c3
Bg4 9. Nbd2 Rb8 10. h3 Bd7 11. d4 b5 12. e5 Ne8 13. exd6 exd6 14. dxc5 dxc5 15.
Ne4 c4 16. Bf4 Rc8 17. Nc5 Nf6 18. Bg5 Nb8 19. Ne4 Qb6 20. Nxf6+ Bxf6 21. Qd2
Rfe8 22. Be3 Qa6 23. Bd4 Kg7 24. Ne5 Re7 25. Ng4 Bxg4 26. Rxe7 Bf5 27. Rae1 Nd7
28. Rxd7 1-0

[Event "Beijing Sportaccord blitz"]
[Site "Beijing"]
[Date "2014.12.14"]
[Round "17"]
[White "Ivanchuk, Vassily"]
[Black "Radjabov, Teimour"]
[Result "0-1"]
[WhiteElo "2704"]
[BlackElo "2734"]
[PlyCount "83"]
[EventDate "2014.12.13"]
[EventType "tourn (blitz)"]
[EventRounds "30"]
[EventCountry "CHN"]
[EventCategory "20"]
[SourceTitle "CBM 163 Extra"]
[Source "ChessBase"]
[SourceDate "2014.12.23"]
[SourceVersion "1"]
[SourceVersionDate "2014.12.23"]
[SourceQuality "1"]

1. e4 e5 2. Nf3 Nc6 3. Bb5 Nf6 4. Nc3 Nd4 5. Ba4 Bc5 6. Nxe5 O-O 7. Nd3 Bb6 8.
e5 c6 9. exf6 Re8+ 10. Kf1 Qxf6 11. b4 d6 12. Bb2 Qh4 13. h3 Bf5 14. g4 Bxd3+
15. cxd3 Nb3 16. Rh2 Nxa1 17. Bxa1 d5 18. Ne2 Bc7 19. Rh1 Bb6 20. Ng3 g6 21.
Kg2 Re6 22. Qf3 Rae8 23. b5 Qe7 24. bxc6 bxc6 25. Bb2 Qb4 26. Bb3 Qxd2 27. Bc1
Qc3 28. Bg5 Qd4 29. Rf1 Qe5 30. Bf4 Qd4 31. Bg5 Qe5 32. h4 Qg7 33. Rc1 Qb2 34.
Rc2 Qd4 35. h5 a5 36. a4 Qb4 37. Ba2 Qxa4 38. Rb2 Qd4 39. Rb1 a4 40. hxg6 hxg6
41. Rh1 a3 42. Rh6 0-1

[Event "Beijing Sportaccord blitz"]
[Site "Beijing"]
[Date "2014.12.14"]
[Round "18"]
[White "Radjabov, Teimour"]
[Black "Nepomniachtchi, Ian"]
[Result "0-1"]
[WhiteElo "2734"]
[BlackElo "2714"]
[PlyCount "110"]
[EventDate "2014.12.13"]
[EventType "tourn (blitz)"]
[EventRounds "30"]
[EventCountry "CHN"]
[EventCategory "20"]
[SourceTitle "CBM 163 Extra"]
[Source "ChessBase"]
[SourceDate "2014.12.23"]
[SourceVersion "1"]
[SourceVersionDate "2014.12.23"]
[SourceQuality "1"]

1. Nf3 g6 2. g3 Bg7 3. e4 d5 4. exd5 Qxd5 5. Nc3 Qe6+ 6. Qe2 Nf6 7. Bg2 O-O 8.
Qxe6 Bxe6 9. Nd4 Bc8 10. O-O Rd8 11. Nb3 c6 12. d3 Na6 13. a3 Nd5 14. Bd2 b6
15. Rfe1 e6 16. Rab1 Bb7 17. h4 c5 18. Ne4 Rd7 19. Nc1 Nf6 20. Nxf6+ Bxf6 21.
Bxb7 Rxb7 22. Ne2 Rc8 23. Nc3 Rd7 24. Ne4 Bg7 25. b3 Nc7 26. Kg2 Nb5 27. a4 Nd4
28. Rbc1 f5 29. Nc3 Kf7 30. f4 a6 31. Ne2 b5 32. axb5 axb5 33. Be3 Ra7 34. Nxd4
cxd4 35. Bf2 Ra2 36. Re2 h6 37. Kf3 Rc6 38. Bg1 Bf6 39. Bf2 g5 40. hxg5 hxg5
41. g4 Kg6 42. Rce1 Rcxc2 43. Rxc2 fxg4+ 44. Kxg4 Rxc2 45. fxg5 Rxf2 46. gxf6
Kxf6 47. Rc1 Rd2 48. Rc5 Rxd3 49. Rxb5 Re3 50. Rb8 e5 51. b4 d3 52. b5 e4 53.
Kf4 d2 54. Kxe3 d1=Q 55. Kxe4 Qe2+ 0-1

[Event "Beijing Sportaccord blitz"]
[Site "Beijing"]
[Date "2014.12.14"]
[Round "19"]
[White "Radjabov, Teimour"]
[Black "Harikrishna, Pentala"]
[Result "1/2-1/2"]
[WhiteElo "2734"]
[BlackElo "2727"]
[PlyCount "169"]
[EventDate "2014.12.13"]
[EventType "tourn (blitz)"]
[EventRounds "30"]
[EventCountry "CHN"]
[EventCategory "20"]
[SourceTitle "CBM 163 Extra"]
[Source "ChessBase"]
[SourceDate "2014.12.23"]
[SourceVersion "1"]
[SourceVersionDate "2014.12.23"]
[SourceQuality "1"]

1. e4 c6 2. d4 d5 3. Nc3 dxe4 4. Nxe4 Nf6 5. Nxf6+ exf6 6. Nf3 Bd6 7. Bd3 O-O
8. O-O Bg4 9. Re1 Qc7 10. h3 Bh5 11. Be3 Nd7 12. Be2 Rfe8 13. Nd2 Bxe2 14. Qxe2
f5 15. f4 Bxf4 16. Qf3 Bxe3+ 17. Rxe3 Rxe3 18. Qxe3 Nf6 19. Nf3 Re8 20. Qg5 Qd7
21. c3 h6 22. Qd2 Ne4 23. Qe3 Qd5 24. b3 f4 25. Qd3 Ng3 26. c4 Qe4 27. Qxe4
Rxe4 28. Rd1 Kf8 29. d5 c5 30. Rd2 Ke7 31. Kf2 Kd6 32. Rc2 g5 33. Rd2 Re3 34.
Rc2 a5 35. Rb2 Rc3 36. a3 Rc1 37. Nd2 f5 38. b4 axb4 39. axb4 Ne4+ 40. Ke2 Rg1
41. bxc5+ Nxc5 42. Rb6+ Kc7 43. Rxh6 Rxg2+ 44. Kd1 Rg3 45. Ke2 Re3+ 46. Kf2
Nd3+ 47. Kg1 Re1+ 48. Nf1 Re2 49. Rg6 Ne5 50. Rg7+ Kd6 51. Nh2 Nxc4 52. Rxg5
Ne3 53. Nf3 b5 54. Nd4 Rb2 55. Nxf5+ Kc5 56. d6 Nxf5 57. d7 Rd2 58. Rxf5+ Kc4
59. Rxf4+ Kc3 60. Rf3+ Kc4 61. Rf4+ Kc5 62. Rf5+ Kc6 63. Kf1 b4 64. Ke1 Rxd7
65. Rf2 Kb5 66. Rd2 Rc7 67. Kd1 Ka4 68. Rc2 Rg7 69. Kc1 Ka3 70. Rc8 Rg1+ 71.
Kd2 b3 72. Ra8+ Kb2 73. h4 Rg6 74. Rh8 Rd6+ 75. Ke3 Kc2 76. Rc8+ Kd1 77. Rb8
Kc2 78. Kf4 Kc3 79. Kg5 Rd5+ 80. Kg6 Rd6+ 81. Kg5 Rd5+ 82. Kg6 b2 83. Rxb2 Kxb2
84. h5 Rxh5 85. Kxh5 1/2-1/2

[Event "Beijing Sportaccord blitz"]
[Site "Beijing"]
[Date "2014.12.13"]
[Round "20"]
[White "Wang, Yue"]
[Black "Radjabov, Teimour"]
[Result "1/2-1/2"]
[WhiteElo "2720"]
[BlackElo "2734"]
[PlyCount "96"]
[EventDate "2014.12.13"]
[EventType "tourn (blitz)"]
[EventRounds "30"]
[EventCountry "CHN"]
[EventCategory "20"]
[SourceTitle "CBM 163 Extra"]
[Source "ChessBase"]
[SourceDate "2014.12.23"]
[SourceVersion "1"]
[SourceVersionDate "2014.12.23"]
[SourceQuality "1"]

1. d4 Nf6 2. c4 e6 3. g3 d5 4. Nf3 Be7 5. Bg2 O-O 6. Nc3 dxc4 7. Ne5 c5 8. dxc5
Qxd1+ 9. Nxd1 Bxc5 10. Nc3 Nd5 11. Bd2 Nc6 12. Nxc4 Rd8 13. Rc1 Nxc3 14. Bxc3
Bd7 15. O-O Be8 16. Na5 Nxa5 17. Bxa5 Bb6 18. Bb4 Bb5 19. Bxb7 Bxe2 20. Bxa8
Bxf1 21. Kxf1 Rxa8 22. a4 f6 23. Rc4 e5 24. Bc3 Kf7 25. a5 Bd8 26. Rc6 a6 27.
Ke2 Ke8 28. Bb4 Rb8 29. Bc3 Ra8 30. f4 Kd7 31. Rc4 exf4 32. gxf4 Rb8 33. Kf3
Rb5 34. b4 Be7 35. Ke4 f5+ 36. Kd3 Bd6 37. Ke3 g6 38. h3 Rd5 39. Bd4 Rb5 40.
Bc3 h6 41. h4 Be7 42. Be1 Bd6 43. Bc3 Be7 44. Be1 h5 45. Kd3 Bd6 46. Bd2 Be7
47. Be1 Bd6 48. Bd2 Be7 1/2-1/2

[Event "Beijing Sportaccord blitz"]
[Site "Beijing"]
[Date "2014.12.15"]
[Round "21"]
[White "Radjabov, Teimour"]
[Black "Vachier Lagrave, Maxime"]
[Result "1-0"]
[WhiteElo "2734"]
[BlackElo "2758"]
[PlyCount "114"]
[EventDate "2014.12.13"]
[EventType "tourn (blitz)"]
[EventRounds "30"]
[EventCountry "CHN"]
[EventCategory "20"]
[SourceTitle "CBM 163 Extra"]
[Source "ChessBase"]
[SourceDate "2014.12.23"]
[SourceVersion "1"]
[SourceVersionDate "2014.12.23"]
[SourceQuality "1"]

1. d4 Nf6 2. c4 g6 3. Nc3 d5 4. Nf3 Bg7 5. Qb3 dxc4 6. Qxc4 O-O 7. e4 c6 8. Be2
Be6 9. Qd3 Na6 10. O-O Qb6 11. h3 Rad8 12. a3 Bc8 13. Be3 Qc7 14. b4 Nb8 15.
Qc2 Rfe8 16. Rfd1 a6 17. Rac1 e6 18. Bg5 h6 19. Bh4 Nbd7 20. e5 Nh5 21. Bxd8
Qxd8 22. Qd2 Bf8 23. Ne4 Kh7 24. Bf1 Ng7 25. a4 Be7 26. b5 axb5 27. axb5 Nb6
28. bxc6 bxc6 29. Qa5 Bd7 30. Nc5 Nd5 31. Qxd8 Rxd8 32. Nxd7 Rxd7 33. Rxc6 Nf5
34. g3 Kg7 35. h4 Bb4 36. Rc4 Ba5 37. Bh3 Nfe7 38. Bf1 Nf5 39. Ra1 Bb6 40. Rb1
Ba5 41. Rb5 Bd8 42. Rb8 Bc7 43. Rb7 Re7 44. Rc1 Bb6 45. Rxe7 Ndxe7 46. Rc4 Nd5
47. Bd3 Nfe7 48. Be4 Nc7 49. Kg2 Kf8 50. Rb4 Ba5 51. Ra4 Bb6 52. Nd2 Kg7 53.
Nb3 f5 54. exf6+ Kxf6 55. Nc5 Bxc5 56. dxc5 Ke5 57. f4+ Kf6 1-0

[Event "Beijing Sportaccord blitz"]
[Site "Beijing"]
[Date "2014.12.13"]
[Round "22"]
[White "Wojtaszek, Radoslaw"]
[Black "Radjabov, Teimour"]
[Result "0-1"]
[WhiteElo "2744"]
[BlackElo "2734"]
[PlyCount "38"]
[EventDate "2014.12.13"]
[EventType "tourn (blitz)"]
[EventRounds "30"]
[EventCountry "CHN"]
[EventCategory "20"]
[SourceTitle "CBM 163 Extra"]
[Source "ChessBase"]
[SourceDate "2014.12.23"]
[SourceVersion "1"]
[SourceVersionDate "2014.12.23"]
[SourceQuality "1"]

1. Nf3 Nf6 2. c4 e6 3. Nc3 d5 4. d4 Be7 5. Bf4 O-O 6. e3 Nbd7 7. Be2 c6 8. h3
Ne8 9. O-O f5 10. c5 Bf6 11. b4 Qe7 12. b5 Nxc5 13. bxc6 bxc6 14. Rc1 Nb7 15.
Na4 Ned6 16. Ne5 Bd7 17. Nxc6 Qe8 18. Nc5 Bxc6 19. Na6 Rc8 0-1